000 01241cam a22002174a 4500
005 20250605164155.0
008 250528s ||||||||||||||||||||||||d
035 _a19568
020 _a9602860081
040 _aGR-AtMCL
_bgre
_dGR-AtMCL
_eAACR2
245 1 _aΒΑΣΙΚΕΣ ΑΡΧΕΣ ΤΗΣ ΟΙΚΟΝΟΜΙΑΣ
250 _a1
260 _bΈλλην,
_c1992
300 _a102
505 0 _aΒΑΣΙΚΕΣ ΕΝΝΟΙΕΣ & ΠΡΟΒΛΗΜΑΤΑ ΤΗΣ ΟΙΚΟΝΟΜΙΑΣ Η ΦΥΣΗ ΤΟΥ ΟΙΚΟΝΟΜΙΚΟΥ ΠΡΟΒΛΗΜΑΤΟΣ ΟΙ ΒΑΣΕΙΣ ΤΗΣ ΟΙΚΟΝΟΜΙΚΗΣ ΠΡΟΟΔΟΥ Η ΟΡΓΑΝΩΣΗ ΤΗΣ ΟΙΚΟΝΟΜΙΑΣ Η ΛΕΙΤΟΥΡΓΙΑ ΤΗΣ ΑΓΟΡΑΣ Ο ΠΡΟΓΡΑΜΜΑΤΙΣΜΟΣ ΣΤΗΝ ΕΛΛΑΔΑ
520 _aΒΑΣΙΚΕΣ ΕΝΝΟΙΕΣ & ΠΡΟΒΛΗΜΑΤΑ ΤΗΣ ΟΙΚΟΝΟΜΙΑΣ Η ΦΥΣΗ ΤΟΥ ΟΙΚΟΝΟΜΙΚΟΥ ΠΡΟΒΛΗΜΑΤΟΣ ΟΙ ΒΑΣΕΙΣ ΤΗΣ ΟΙΚΟΝΟΜΙΚΗΣ ΠΡΟΟΔΟΥ Η ΟΡΓΑΝΩΣΗ ΤΗΣ ΟΙΚΟΝΟΜΙΑΣ Η ΛΕΙΤΟΥΡΓΙΑ ΤΗΣ ΑΓΟΡΑΣ Ο ΠΡΟΓΡΑΜΜΑΤΙΣΜΟΣ ΣΤΗΝ ΕΛΛΑΔΑ
700 1 _aΚομισοπουλος Φ.Χ
_95779
942 _cBK
999 _c4824
_d4824